Contemporary political ideologies / (Record no. 17784)
[ view plain ]
| 000 -LEADER | |
|---|---|
| fixed length control field | 01419cam a22002895a 4500 |
| 008 - FIXED-LENGTH DATA ELEMENTS--GENERAL INFORMATION | |
| fixed length control field | 131205r20041993enk||||frb||| 001 0 eng d |
| 020 ## - INTERNATIONAL STANDARD BOOK NUMBER | |
| International Standard Book Number | 082645173X |
| 020 ## - INTERNATIONAL STANDARD BOOK NUMBER | |
| International Standard Book Number | 9780826451736 |
| 040 ## - CATALOGING SOURCE | |
| Language of cataloging | eng |
| Modifying agency | EG-ScBUE |
| 082 04 - DEWEY DECIMAL CLASSIFICATION NUMBER | |
| Edition number | 22 |
| Classification number | 320.5 |
| Item number | EAT |
| 245 10 - TITLE STATEMENT | |
| Title | Contemporary political ideologies / |
| Statement of responsibility, etc | edited by Roger Eatwell and Anthony Wright. |
| 250 ## - EDITION STATEMENT | |
| Edition statement | 2nd ed. |
| 260 ## - PUBLICATION, DISTRIBUTION, ETC. (IMPRINT) | |
| Place of publication, distribution, etc | London ; |
| -- | New York : |
| Name of publisher, distributor, etc | Continuum, |
| Date of publication, distribution, etc | 2004. |
| 300 ## - PHYSICAL DESCRIPTION | |
| Extent | viii, 296 p. ; |
| Dimensions | 24 cm. |
| 500 ## - GENERAL NOTE | |
| General note | First published : p. 1993. |
| 500 ## - GENERAL NOTE | |
| General note | Index : p. 291-296. |
| 504 ## - BIBLIOGRAPHY, ETC. NOTE | |
| Bibliography, etc | Includes bibliographical references. |
| 505 ## - FORMATTED CONTENTS NOTE | |
| Formatted contents note | Introduction: What Are Political Ideologies? / Roger Eatwell --<br/>Liberalism / Richard Bellamy -- Conservatism / Noel O'Sullivan -- Social Democracy and Democratic Socialism / Anthony Wright -- Marxism and Communism / Joseph V. Femia --<br/> Anarchism / Jeremy Jennings -- Nationalism / Roger Griffin --<br/> Fascism / Roger Eatwell -- Feminism / Valerie Bryson --<br/> Ecologism / Andrew Dobson -- Islam and Fundamentalism / Youssef Choueiri -- Conclusion: The 'End of Ideology'? / Roger Eatwell. |
| 650 #7 - SUBJECT ADDED ENTRY--TOPICAL TERM | |
| 9 (RLIN) | 1313 |
| Topical term or geographic name as entry element | Political science. |
| Source of heading or term | BUEsh |
| 650 #7 - SUBJECT ADDED ENTRY--TOPICAL TERM | |
| 9 (RLIN) | 1314 |
| Topical term or geographic name as entry element | Right and left (Political science). |
| Source of heading or term | BUEsh |
| 650 #7 - SUBJECT ADDED ENTRY--TOPICAL TERM | |
| 9 (RLIN) | 1315 |
| Topical term or geographic name as entry element | Ideology. |
| 651 ## - SUBJECT ADDED ENTRY--GEOGRAPHIC NAME | |
| Source of heading or term | BUEsh |
| 653 ## - INDEX TERM--UNCONTROLLED | |
| Resource For college | Law |
| Arrived date list | July2016 |
| 700 1# - ADDED ENTRY--PERSONAL NAME | |
| Personal name | Wright, Anthony, |
| Dates associated with a name | 1948- |
| Relator term | editor. |
| 9 (RLIN) | 40435 |
| 700 1# - ADDED ENTRY--PERSONAL NAME | |
| Personal name | Eatwell, Roger |
| Relator term | editor. |
| 9 (RLIN) | 34541 |
| 942 ## - ADDED ENTRY ELEMENTS (KOHA) | |
| Source of classification or shelving scheme | Dewey Decimal Classification |
| Item type | Book - Borrowing |
| Call number prefix | 320.5 EAT |
| Withdrawn status | Item status | Source of classification or shelving scheme | Damaged status | Not for loan | Vendor | Home library | Current library | Shelving location | Date acquired | Source of acquisition | Total Checkouts | Total Renewals | Full call number | Barcode | Date last seen | Date last borrowed | Koha item type | Cost, normal purchase price | Serial Enumeration / chronology | Cost, replacement price |
|---|---|---|---|---|---|---|---|---|---|---|---|---|---|---|---|---|---|---|---|---|
| Dewey Decimal Classification | Baccah | Central Library | Central Library | First floor | 05/12/2013 | 8 | 93 | 320.5 EAT | 000029688 | 15/07/2025 | 21/02/2024 | Book - Borrowing | ||||||||
| Dewey Decimal Classification | Baccah | Central Library | Central Library | First floor | 08/12/2013 | 17 | 62 | 320.5 EAT | 000035125 | 28/09/2025 | 24/09/2024 | Book - Borrowing | ||||||||
| Dewey Decimal Classification | Baccah | Central Library | Central Library | First floor | 24/07/2016 | Purchase | 8 | 36 | 320.5 EAT | 000032934 | 15/07/2025 | 03/03/2024 | Book - Borrowing | 450.00 | 26080 | 562.50 |